00517nam a2200169Ia 4500003000900000008004100009020001800050040001600068080001200084100002400096245007800120260003600198300001500234490003300249650004300282700002200325IN-BaIIA211028s9999 xx 000 0 eng d a0-387-94933-X cIIA Library a51bDES ade Souza, Paulo Ney 0aBerkeley problems in mathematicscPaulo Ney de Souza and Jorge-Nuno Silva aNew YorkbSpringer-Verlagc1998 axiv, 443p. aProblem books in mathematics aMathematics-examination, question, etc aSilva, Jorge-Nuno